[Event "15e festival de Meurthe et Moselle Rapide"]
[Site "?"]
[Date "2017.02.19"]
[Round "1.1"]
[White "Bellahcene, Omar"]
[Black "Fressinet, Laurent"]
[Result "0-1"]
[LiveChessVersion "1.4.8"]
[BlackElo "2660"]
[WhiteElo "1821"]

1. e4 {[%clk 0:15:08]} g6 {[%clk 0:15:08]} 2. d4 {[%clk 0:15:10]} d6
{[%clk 0:15:11]} 3. Nc3 {[%clk 0:15:09]} Bg7 {[%clk 0:15:13]} 4. f4
{[%clk 0:13:47]} Nf6 {[%clk 0:15:09]} 5. Nf3 {[%clk 0:13:46]} O-O
{[%clk 0:15:10]} 6. Be2 {[%clk 0:13:43]} c5 {[%clk 0:14:13]} 7. d5
{[%clk 0:13:12]} b5 {[%clk 0:13:44]} 8. Bxb5 {[%clk 0:10:40]} Nxe4
{[%clk 0:13:26]} 9. Qd3 {[%clk 0:06:36]} Nxc3 {[%clk 0:13:11]} 10. bxc3
{[%clk 0:06:37]} Bf5 {[%clk 0:13:13]} 11. Qe3 {[%clk 0:06:17]} Qa5
{[%clk 0:13:13]} 0-1

[Event "15e festival de Meurthe et Moselle Rapide"]
[Site "?"]
[Date "2017.02.19"]
[Round "1.2"]
[White "Gurevich, Mikhail"]
[Black "Francois, Tham"]
[Result "1-0"]
[LiveChessVersion "1.4.8"]
[BlackElo "1669"]
[WhiteElo "2549"]

1. c4 {[%clk 0:15:06]} d6 {[%clk 0:15:03]} 2. g3 {[%clk 0:15:03]} g6
{[%clk 0:14:59]} 3. Bg2 {[%clk 0:15:05]} Bg7 {[%clk 0:15:02]} 4. Nc3
{[%clk 0:15:09]} Nf6 {[%clk 0:15:03]} 5. d3 {[%clk 0:15:12]} O-O {[%clk 0:15:03]}
6. e3 {[%clk 0:15:15]} c6 {[%clk 0:15:05]} 7. e4 {[%clk 0:15:18]} Nbd7
{[%clk 0:14:39]} 8. Nge2 {[%clk 0:15:18]} Rb8 {[%clk 0:14:17]} 9. O-O
{[%clk 0:13:21]} a6 {[%clk 0:12:30]} 10. a4 {[%clk 0:12:29]} b5 {[%clk 0:11:49]}
11. axb5 {[%clk 0:12:12]} cxb5 {[%clk 0:11:44]} 12. cxb5 {[%clk 0:12:14]} axb5
{[%clk 0:11:45]} 13. Nd4 {[%clk 0:12:10]} Qb6 {[%clk 0:10:20]} 14. Be3
{[%clk 0:10:33]} b4 {[%clk 0:08:52]} 15. Ne6 {[%clk 0:10:26]} Nc5
{[%clk 0:07:39]} 16. Na4 {[%clk 0:10:10]} Qb5 {[%clk 0:07:06]} 17. Nxf8
{[%clk 0:10:06]} Nxa4 {[%clk 0:07:04]} 18. Qxa4 {[%clk 0:09:09]} Qxa4
{[%clk 0:07:03]} 19. Rxa4 {[%clk 0:09:12]} Bxf8 {[%clk 0:07:06]} 20. Rfa1
{[%clk 0:08:32]} Be6 {[%clk 0:06:54]} 21. Ra8 {[%clk 0:08:33]} Rxa8
{[%clk 0:06:37]} 22. Rxa8 {[%clk 0:08:36]} Kg7 {[%clk 0:06:39]} 23. Bd2
{[%clk 0:07:33]} b3 {[%clk 0:06:35]} 24. Bc3 {[%clk 0:07:36]} Kh6
{[%clk 0:06:20]} 25. Rxf8 {[%clk 0:07:34]} 1-0

[Event "15e festival de Meurthe et Moselle Rapide"]
[Site "?"]
[Date "2017.02.19"]
[Round "1.3"]
[White "Charbonnel, Christophe"]
[Black "Mullon, Jean-Baptiste"]
[Result "0-1"]
[LiveChessVersion "1.4.8"]
[BlackElo "2388"]
[WhiteElo "1759"]

1. c4 {[%clk 0:15:09]} Nf6 {[%clk 0:15:01]} 2. Nc3 {[%clk 0:15:10]} e5
{[%clk 0:14:58]} 3. g3 {[%clk 0:15:10]} d5 {[%clk 0:14:56]} 4. cxd5
{[%clk 0:15:08]} Nxd5 {[%clk 0:14:59]} 5. Bg2 {[%clk 0:15:08]} Nb6
{[%clk 0:15:01]} 6. Nf3 {[%clk 0:14:46]} Nc6 {[%clk 0:15:04]} 7. O-O
{[%clk 0:14:39]} Be7 {[%clk 0:15:04]} 8. a4 {[%clk 0:14:22]} a5 {[%clk 0:14:33]}
9. d4 {[%clk 0:13:44]} exd4 {[%clk 0:14:35]} 10. Nb5 {[%clk 0:13:45]} O-O
{[%clk 0:14:34]} 11. Nfxd4 {[%clk 0:13:48]} Nxd4 {[%clk 0:14:29]} 12. Nxd4
{[%clk 0:13:32]} c6 {[%clk 0:14:11]} 13. Be3 {[%clk 0:13:24]} Nd5
{[%clk 0:13:42]} 14. Bd2 {[%clk 0:11:59]} Bf6 {[%clk 0:11:52]} 15. Be1
{[%clk 0:09:28]} Bg4 {[%clk 0:11:27]} 16. h3 {[%clk 0:08:44]} Bh5
{[%clk 0:11:05]} 17. g4 {[%clk 0:08:22]} Bg6 {[%clk 0:11:09]} 18. e4
{[%clk 0:08:15]} Nf4 {[%clk 0:11:07]} 19. Bc3 {[%clk 0:07:51]} Bxd4
{[%clk 0:11:09]} 20. Bxd4 {[%clk 0:07:18]} Qxd4 {[%clk 0:11:11]} 21. Re1
{[%clk 0:06:29]} Qxd1 {[%clk 0:11:04]} 22. Raxd1 {[%clk 0:06:32]} Rad8
{[%clk 0:11:06]} 23. Rxd8 {[%clk 0:06:00]} Rxd8 {[%clk 0:11:09]} 0-1

[Event "15e festival de Meurthe et Moselle Rapide"]
[Site "?"]
[Date "2017.02.19"]
[Round "1.4"]
[White "Fridman, Daniel"]
[Black "Damand, Andre"]
[Result "1-0"]
[LiveChessVersion "1.4.8"]
[BlackElo "1442"]
[WhiteElo "2594"]

1. Nf3 {[%clk 0:15:05]} c5 {[%clk 0:15:06]} 2. g3 {[%clk 0:15:07]} Nc6
{[%clk 0:15:06]} 3. Bg2 {[%clk 0:15:10]} Nf6 {[%clk 0:15:09]} 4. O-O
{[%clk 0:15:11]} d5 {[%clk 0:15:08]} 5. d4 {[%clk 0:15:13]} cxd4 {[%clk 0:15:01]}
6. Nxd4 {[%clk 0:15:17]} e5 {[%clk 0:14:59]} 7. Nxc6 {[%clk 0:15:20]} bxc6
{[%clk 0:15:03]} 8. c4 {[%clk 0:15:23]} e4 {[%clk 0:15:03]} 9. Nc3
{[%clk 0:15:23]} Bf5 {[%clk 0:14:36]} 10. Qa4 {[%clk 0:15:09]} Qd7
{[%clk 0:14:12]} 11. Bg5 {[%clk 0:14:51]} Be7 {[%clk 0:13:51]} 12. Rfd1
{[%clk 0:14:46]} O-O {[%clk 0:13:44]} 13. cxd5 {[%clk 0:14:41]} cxd5
{[%clk 0:13:44]} 14. Qxd7 {[%clk 0:14:43]} Bxd7 {[%clk 0:13:35]} 15. Nxd5
{[%clk 0:14:37]} Nxd5 {[%clk 0:13:29]} 16. Bxe7 {[%clk 0:14:37]} Nxe7
{[%clk 0:13:32]} 17. Rxd7 {[%clk 0:14:40]} Ng6 {[%clk 0:13:22]} 18. Bxe4
{[%clk 0:14:42]} Rfe8 {[%clk 0:13:25]} 19. Bxa8 {[%clk 0:14:45]} Rxa8
{[%clk 0:13:27]} 20. Rad1 {[%clk 0:14:48]} h6 {[%clk 0:13:25]} 21. Rd8+
{[%clk 0:14:51]} Rxd8 {[%clk 0:13:26]} 22. Rxd8+ {[%clk 0:14:54]} Kh7
{[%clk 0:13:30]} 23. Rd7 {[%clk 0:14:57]} Ne5 {[%clk 0:13:33]} 24. Rxa7
{[%clk 0:15:00]} f6 {[%clk 0:13:32]} 25. b4 {[%clk 0:15:03]} 1-0

[Event "15e festival de Meurthe et Moselle Rapide"]
[Site "?"]
[Date "2017.02.19"]
[Round "2.1"]
[White "Fressinet, Laurent"]
[Black "Bellahcene, Meriem"]
[Result "1-0"]
[LiveChessVersion "1.4.8"]
[BlackElo "1737"]
[WhiteElo "2660"]

1. e4 {[%clk 0:15:05]} c5 {[%clk 0:15:09]} 2. Nf3 {[%clk 0:15:08]} Nc6
{[%clk 0:15:13]} 3. Bb5 {[%clk 0:15:11]} g6 {[%clk 0:15:16]} 4. Bxc6
{[%clk 0:15:06]} dxc6 {[%clk 0:15:20]} 5. d3 {[%clk 0:15:02]} Bg7
{[%clk 0:15:22]} 6. h3 {[%clk 0:15:04]} Nf6 {[%clk 0:15:20]} 7. Nc3
{[%clk 0:15:05]} O-O {[%clk 0:15:17]} 8. Be3 {[%clk 0:15:01]} b6 {[%clk 0:15:20]}
9. Qd2 {[%clk 0:15:04]} e5 {[%clk 0:15:17]} 10. Bh6 {[%clk 0:14:49]} Qd6
{[%clk 0:15:13]} 11. O-O {[%clk 0:14:22]} Be6 {[%clk 0:14:55]} 12. Bxg7
{[%clk 0:12:32]} Kxg7 {[%clk 0:14:58]} 13. Ng5 {[%clk 0:12:32]} Rad8
{[%clk 0:14:34]} 14. f4 {[%clk 0:10:58]} exf4 {[%clk 0:13:20]} 15. Rxf4
{[%clk 0:10:58]} Nh5 {[%clk 0:12:31]} 16. Rf2 {[%clk 0:10:32]} Qd4
{[%clk 0:10:39]} 17. Nf3 {[%clk 0:10:09]} Qd7 {[%clk 0:09:49]} 18. Ne2
{[%clk 0:09:47]} Nf6 {[%clk 0:09:20]} 19. Qc3 {[%clk 0:09:40]} Qe7
{[%clk 0:08:10]} 20. Ne5 {[%clk 0:09:24]} Rd6 {[%clk 0:08:03]} 21. Raf1
{[%clk 0:09:21]} Bc8 {[%clk 0:07:50]} 22. Nc4 {[%clk 0:09:16]} Re6
{[%clk 0:07:38]} 23. Nf4 {[%clk 0:09:16]} b5 {[%clk 0:07:24]} 24. Nxe6+
{[%clk 0:09:11]} fxe6 {[%clk 0:07:27]} 25. Ne3 {[%clk 0:08:59]} e5
{[%clk 0:07:08]} 26. b4 {[%clk 0:07:44]} c4 {[%clk 0:06:48]} 27. Rf3
{[%clk 0:07:31]} c5 {[%clk 0:06:13]} 28. a3 {[%clk 0:07:20]} cxb4
{[%clk 0:06:10]} 29. Qxb4 {[%clk 0:07:14]} Qxb4 {[%clk 0:05:35]} 30. axb4
{[%clk 0:07:16]} Bb7 {[%clk 0:05:31]} 31. Ng4 {[%clk 0:07:12]} Nd7
{[%clk 0:05:30]} 32. Rxf8 {[%clk 0:07:14]} Nxf8 {[%clk 0:05:34]} 33. Nxe5
{[%clk 0:07:17]} 1-0

[Event "15e festival de Meurthe et Moselle Rapide"]
[Site "?"]
[Date "2017.02.19"]
[Round "2.2"]
[White "Pottier, Alexandre"]
[Black "Gurevich, Mikhail"]
[Result "0-1"]
[LiveChessVersion "1.4.8"]
[BlackElo "2549"]
[WhiteElo "2127"]

1. e4 {[%clk 0:15:00]} d6 {[%clk 0:15:08]} 2. Nf3 {[%clk 0:14:54]} Nf6
{[%clk 0:15:10]} 3. Nc3 {[%clk 0:14:57]} g6 {[%clk 0:15:12]} 4. d3
{[%clk 0:14:43]} Bg7 {[%clk 0:15:13]} 5. g3 {[%clk 0:14:37]} c5 {[%clk 0:15:03]}
6. Bg2 {[%clk 0:14:38]} Nc6 {[%clk 0:15:05]} 7. O-O {[%clk 0:14:36]} O-O
{[%clk 0:14:51]} 8. Nd5 {[%clk 0:14:03]} Nd7 {[%clk 0:14:36]} 9. c3
{[%clk 0:13:37]} e6 {[%clk 0:14:38]} 10. Ne3 {[%clk 0:13:38]} Nf6
{[%clk 0:14:36]} 11. Rb1 {[%clk 0:10:51]} e5 {[%clk 0:12:37]} 12. Nd5
{[%clk 0:09:17]} Nxd5 {[%clk 0:12:23]} 13. exd5 {[%clk 0:09:21]} Ne7
{[%clk 0:12:26]} 14. c4 {[%clk 0:08:29]} a5 {[%clk 0:09:58]} 15. b3
{[%clk 0:07:57]} Bd7 {[%clk 0:10:01]} 16. a3 {[%clk 0:07:47]} b5 {[%clk 0:10:00]}
17. Bd2 {[%clk 0:06:57]} b4 {[%clk 0:08:57]} 18. a4 {[%clk 0:06:33]} h6
{[%clk 0:08:21]} 19. Ne1 {[%clk 0:05:22]} Qc7 {[%clk 0:06:52]} 20. Nc2
{[%clk 0:04:57]} Rae8 {[%clk 0:06:55]} 21. f4 {[%clk 0:04:05]} exf4
{[%clk 0:06:42]} 22. Bxf4 {[%clk 0:04:00]} Nf5 {[%clk 0:05:49]} 23. Qf3
{[%clk 0:03:19]} Qd8 {[%clk 0:05:44]} 24. Rbe1 {[%clk 0:03:16]} Qf6
{[%clk 0:05:44]} 25. g4 {[%clk 0:02:35]} Nh4 {[%clk 0:04:30]} 26. Qg3
{[%clk 0:02:36]} Nxg2 {[%clk 0:04:26]} 27. Kxg2 {[%clk 0:02:37]} Rxe1
{[%clk 0:02:45]} 28. Nxe1 {[%clk 0:02:18]} Qb2+ {[%clk 0:02:14]} 29. Qf2
{[%clk 0:02:21]} Qxf2+ {[%clk 0:01:54]} 30. Rxf2 {[%clk 0:02:15]} Re8
{[%clk 0:01:55]} 31. Nf3 {[%clk 0:01:36]} Bf8 {[%clk 0:01:53]} 32. h3
{[%clk 0:01:37]} g5 {[%clk 0:01:55]} 33. Bg3 {[%clk 0:01:39]} Re3
{[%clk 0:01:50]} 34. Rd2 {[%clk 0:01:36]} f5 {[%clk 0:01:53]} 35. Bf2
{[%clk 0:01:15]} Re7 {[%clk 0:01:56]} 36. gxf5 {[%clk 0:01:14]} Bxf5
{[%clk 0:02:00]} 37. d4 {[%clk 0:01:18]} Be4 {[%clk 0:01:29]} 38. Kg3
{[%clk 0:01:01]} Rf7 {[%clk 0:01:33]} 39. Ng1 {[%clk 0:00:52]} Bg7
{[%clk 0:01:31]} 40. Re2 {[%clk 0:00:38]} Bd3 {[%clk 0:01:20]} 41. Rd2
{[%clk 0:00:38]} Be4 {[%clk 0:01:13]} 42. Re2 {[%clk 0:00:42]} Bd3
{[%clk 0:01:11]} 43. Rd2 {[%clk 0:00:45]} Bg6 {[%clk 0:01:01]} 44. Nf3
{[%clk 0:00:19]} Be4 {[%clk 0:00:54]} 45. Ng1 {[%clk 0:00:22]} h5
{[%clk 0:00:49]} 46. Re2 {[%clk 0:00:09]} h4+ {[%clk 0:00:50]} 47. Kh2
{[%clk 0:00:13]} Rxf2+ {[%clk 0:00:43]} 48. Rxf2 {[%clk 0:00:14]} Bxd4
{[%clk 0:00:46]} 49. Nf3 {[%clk 0:00:10]} Bxf2 {[%clk 0:00:46]} 50. Nxg5
{[%clk 0:00:14]} Bc2 {[%clk 0:00:47]} 0-1

[Event "15e festival de Meurthe et Moselle Rapide"]
[Site "?"]
[Date "2017.02.19"]
[Round "2.3"]
[White "Mullon, Jean-Baptiste"]
[Black "Kuhn, Clement"]
[Result "1-0"]
[LiveChessVersion "1.4.8"]
[BlackElo "1585"]
[WhiteElo "2388"]

1. e4 {[%clk 0:15:07]} c5 {[%clk 0:15:07]} 2. Nf3 {[%clk 0:15:07]} d6
{[%clk 0:15:08]} 3. d4 {[%clk 0:15:04]} cxd4 {[%clk 0:15:09]} 4. Qxd4
{[%clk 0:15:07]} a6 {[%clk 0:15:06]} 5. c4 {[%clk 0:15:02]} Nc6 {[%clk 0:15:02]}
6. Qe3 {[%clk 0:15:04]} g6 {[%clk 0:14:56]} 7. Be2 {[%clk 0:15:04]} Bg7
{[%clk 0:14:33]} 8. O-O {[%clk 0:14:58]} Nf6 {[%clk 0:14:31]} 9. h3
{[%clk 0:14:55]} O-O {[%clk 0:14:21]} 10. Nc3 {[%clk 0:14:58]} Be6
{[%clk 0:13:32]} 11. Rd1 {[%clk 0:13:47]} Na5 {[%clk 0:12:51]} 12. e5
{[%clk 0:12:42]} Nd7 {[%clk 0:11:22]} 13. exd6 {[%clk 0:09:33]} exd6
{[%clk 0:11:13]} 14. b3 {[%clk 0:09:06]} Re8 {[%clk 0:10:40]} 15. Qd2
{[%clk 0:08:59]} Nb6 {[%clk 0:09:49]} 16. Bb2 {[%clk 0:08:35]} d5
{[%clk 0:08:57]} 17. Nxd5 {[%clk 0:08:23]} Bxb2 {[%clk 0:08:48]} 18. Qxb2
{[%clk 0:08:12]} Bxd5 {[%clk 0:07:34]} 19. cxd5 {[%clk 0:08:13]} Qe7
{[%clk 0:07:01]} 20. Bf1 {[%clk 0:06:08]} Qb4 {[%clk 0:05:52]} 21. Rd4
{[%clk 0:05:54]} Qd6 {[%clk 0:04:05]} 22. Qd2 {[%clk 0:05:52]} Qf6
{[%clk 0:01:42]} 23. Qxa5 {[%clk 0:05:44]} Nd7 {[%clk 0:01:34]} 24. Rad1
{[%clk 0:05:42]} b6 {[%clk 0:01:30]} 25. Qd2 {[%clk 0:05:42]} b5 {[%clk 0:01:17]}
26. Qf4 {[%clk 0:05:26]} Qg7 {[%clk 0:01:00]} 27. Ng5 {[%clk 0:05:12]} h6
{[%clk 0:00:51]} 28. Ne4 {[%clk 0:05:12]} Re5 {[%clk 0:00:28]} 29. h4
{[%clk 0:04:24]} Rf5 {[%clk 0:00:19]} 30. Qc7 {[%clk 0:03:57]} Nf6
{[%clk 0:00:10]} 31. Nxf6+ {[%clk 0:03:52]} Qxf6 {[%clk 0:00:14]} 32. Qc6
{[%clk 0:03:43]} Rxf2 {[%clk 0:00:10]} 33. Qxf6 {[%clk 0:03:20]} Rxf6
{[%clk 0:00:12]} 34. d6 {[%clk 0:03:24]} Rd8 {[%clk 0:00:14]} 35. a4
{[%clk 0:03:27]} Kf8 {[%clk 0:00:15]} 36. axb5 {[%clk 0:03:30]} axb5
{[%clk 0:00:19]} 37. Bxb5 {[%clk 0:03:34]} Rf5 {[%clk 0:00:14]} 38. Ba4
{[%clk 0:03:36]} f6 {[%clk 0:00:16]} 39. d7 {[%clk 0:03:39]} Ke7 {[%clk 0:00:16]}
40. Re1+ {[%clk 0:03:42]} Re5 {[%clk 0:00:21]} 41. Rxe5+ {[%clk 0:03:39]} fxe5
{[%clk 0:00:24]} 42. Rc4 {[%clk 0:03:43]} Rxd7 {[%clk 0:00:06]} 43. Bxd7
{[%clk 0:03:44]} Kxd7 {[%clk 0:00:10]} 44. Kf2 {[%clk 0:03:46]} Kd6
{[%clk 0:00:15]} 45. Ke3 {[%clk 0:03:49]} Kd5 {[%clk 0:00:19]} 46. Rc8
{[%clk 0:03:51]} 1-0

[Event "15e festival de Meurthe et Moselle Rapide"]
[Site "?"]
[Date "2017.02.19"]
[Round "2.4"]
[White "Viard, Dominique"]
[Black "Fridman, Daniel"]
[Result "0-1"]
[LiveChessVersion "1.4.8"]
[BlackElo "2594"]
[WhiteElo "1938"]

1. Nf3 {[%clk 0:15:09]} d5 {[%clk 0:15:08]} 2. d4 {[%clk 0:15:13]} Nf6
{[%clk 0:15:11]} 3. c4 {[%clk 0:15:17]} e6 {[%clk 0:15:15]} 4. g3
{[%clk 0:15:21]} Bb4+ {[%clk 0:15:18]} 5. Bd2 {[%clk 0:15:25]} a5
{[%clk 0:15:22]} 6. Bg2 {[%clk 0:15:28]} O-O {[%clk 0:15:24]} 7. O-O
{[%clk 0:15:32]} dxc4 {[%clk 0:15:26]} 8. a3 {[%clk 0:15:14]} Be7
{[%clk 0:15:21]} 9. Qa4 {[%clk 0:15:00]} b6 {[%clk 0:15:09]} 10. Qxc4
{[%clk 0:14:52]} Ba6 {[%clk 0:15:12]} 11. Qc2 {[%clk 0:14:41]} Bxe2
{[%clk 0:15:14]} 12. Re1 {[%clk 0:14:44]} Ba6 {[%clk 0:15:15]} 13. Ne5
{[%clk 0:13:29]} Ra7 {[%clk 0:14:58]} 14. Be3 {[%clk 0:13:06]} Bb7
{[%clk 0:14:54]} 15. Bxb7 {[%clk 0:12:54]} Rxb7 {[%clk 0:14:58]} 16. Nd2
{[%clk 0:12:47]} Qd5 {[%clk 0:14:00]} 17. Rac1 {[%clk 0:12:32]} Rc8
{[%clk 0:14:02]} 18. Nd3 {[%clk 0:10:23]} Qf5 {[%clk 0:12:05]} 19. Nf4
{[%clk 0:10:11]} Qxc2 {[%clk 0:12:07]} 20. Rxc2 {[%clk 0:10:15]} c6
{[%clk 0:10:08]} 21. Rec1 {[%clk 0:10:11]} Nd5 {[%clk 0:09:25]} 22. Nxd5
{[%clk 0:09:52]} exd5 {[%clk 0:09:28]} 23. Nf3 {[%clk 0:09:17]} Bd6
{[%clk 0:08:18]} 24. Ne1 {[%clk 0:08:43]} Re8 {[%clk 0:07:48]} 25. Nd3
{[%clk 0:08:32]} f6 {[%clk 0:07:46]} 26. Kg2 {[%clk 0:07:49]} Kf7
{[%clk 0:07:50]} 27. Kf3 {[%clk 0:07:22]} g5 {[%clk 0:07:50]} 28. g4
{[%clk 0:05:47]} Re4 {[%clk 0:07:41]} 29. h3 {[%clk 0:05:48]} h5 {[%clk 0:07:26]}
30. Ne1 {[%clk 0:05:04]} hxg4+ {[%clk 0:07:12]} 31. hxg4 {[%clk 0:05:09]} Ke6
{[%clk 0:06:58]} 32. Nd3 {[%clk 0:03:52]} Rh7 {[%clk 0:06:55]} 33. Rg1
{[%clk 0:03:48]} Rh3+ {[%clk 0:06:36]} 34. Ke2 {[%clk 0:03:45]} Bf4
{[%clk 0:06:34]} 35. Kd2 {[%clk 0:00:57]} Rxd4 {[%clk 0:06:07]} 0-1

[Event "15e festival de Meurthe et Moselle Rapide"]
[Site "?"]
[Date "2017.02.19"]
[Round "3.1"]
[White "Vignale, Stephane"]
[Black "Fressinet, Laurent"]
[Result "0-1"]
[LiveChessVersion "1.4.8"]
[BlackElo "2660"]
[WhiteElo "2040"]

1. Nf3 {[%clk 0:15:07]} g6 {[%clk 0:14:57]} 2. c4 {[%clk 0:15:04]} Bg7
{[%clk 0:15:00]} 3. Nc3 {[%clk 0:15:05]} c5 {[%clk 0:14:56]} 4. b3
{[%clk 0:15:00]} Nf6 {[%clk 0:14:44]} 5. Bb2 {[%clk 0:15:03]} O-O
{[%clk 0:14:41]} 6. e3 {[%clk 0:15:05]} d6 {[%clk 0:14:25]} 7. Be2
{[%clk 0:14:50]} e5 {[%clk 0:14:27]} 8. O-O {[%clk 0:14:36]} Nc6 {[%clk 0:14:30]}
9. d4 {[%clk 0:14:05]} cxd4 {[%clk 0:14:04]} 10. exd4 {[%clk 0:14:05]} e4
{[%clk 0:14:07]} 11. Ne1 {[%clk 0:13:10]} Re8 {[%clk 0:13:56]} 12. Nc2
{[%clk 0:12:54]} h5 {[%clk 0:13:32]} 13. f3 {[%clk 0:10:44]} Bf5 {[%clk 0:12:52]}
14. d5 {[%clk 0:09:13]} exf3 {[%clk 0:11:52]} 15. Bxf3 {[%clk 0:08:51]} Bxc2
{[%clk 0:10:50]} 16. Qxc2 {[%clk 0:08:52]} Nd4 {[%clk 0:10:51]} 17. Qd2
{[%clk 0:08:24]} Nf5 {[%clk 0:09:46]} 18. Rae1 {[%clk 0:07:34]} Qa5
{[%clk 0:09:03]} 19. a3 {[%clk 0:05:35]} Qb6+ {[%clk 0:08:48]} 20. Kh1
{[%clk 0:05:30]} Qxb3 {[%clk 0:08:44]} 21. Be2 {[%clk 0:04:08]} Bh6
{[%clk 0:08:05]} 22. Qd3 {[%clk 0:03:18]} Qxb2 {[%clk 0:07:59]} 23. Rb1
{[%clk 0:03:18]} Qd2 {[%clk 0:08:01]} 0-1

[Event "15e festival de Meurthe et Moselle Rapide"]
[Site "?"]
[Date "2017.02.19"]
[Round "3.2"]
[White "Gurevich, Mikhail"]
[Black "Pouchon, Joffrey"]
[Result "1-0"]
[LiveChessVersion "1.4.8"]
[BlackElo "2109"]
[WhiteElo "2549"]

1. c4 {[%clk 0:15:08]} c5 {[%clk 0:15:10]} 2. g3 {[%clk 0:15:12]} Nc6
{[%clk 0:15:13]} 3. Bg2 {[%clk 0:15:15]} g6 {[%clk 0:15:18]} 4. Nc3
{[%clk 0:15:19]} Bg7 {[%clk 0:15:21]} 5. Rb1 {[%clk 0:15:22]} e6 {[%clk 0:15:23]}
6. a3 {[%clk 0:15:12]} a5 {[%clk 0:15:25]} 7. e4 {[%clk 0:15:13]} Nge7
{[%clk 0:15:28]} 8. Nge2 {[%clk 0:15:16]} O-O {[%clk 0:15:30]} 9. d3
{[%clk 0:15:17]} Nd4 {[%clk 0:15:26]} 10. Nxd4 {[%clk 0:14:59]} cxd4
{[%clk 0:15:30]} 11. Nb5 {[%clk 0:15:02]} d5 {[%clk 0:15:28]} 12. exd5
{[%clk 0:14:04]} exd5 {[%clk 0:15:32]} 13. b3 {[%clk 0:14:07]} a4
{[%clk 0:14:46]} 14. O-O {[%clk 0:14:08]} axb3 {[%clk 0:14:42]} 15. c5
{[%clk 0:13:11]} Bd7 {[%clk 0:13:54]} 16. Qxb3 {[%clk 0:13:09]} Bc6
{[%clk 0:13:07]} 17. Nd6 {[%clk 0:11:32]} Ra7 {[%clk 0:13:05]} 18. Re1
{[%clk 0:10:46]} Qd7 {[%clk 0:10:09]} 19. Bg5 {[%clk 0:10:21]} Nc8
{[%clk 0:10:07]} 20. Bxd5 {[%clk 0:07:18]} Nxd6 {[%clk 0:09:54]} 21. Bxc6
{[%clk 0:07:21]} Qxc6 {[%clk 0:09:55]} 22. cxd6 {[%clk 0:07:22]} Qxd6
{[%clk 0:09:59]} 23. Be7 {[%clk 0:07:24]} Qd7 {[%clk 0:09:47]} 24. Bxf8
{[%clk 0:07:25]} Bxf8 {[%clk 0:09:51]} 25. Qb5 {[%clk 0:07:20]} Qxb5
{[%clk 0:09:45]} 26. Rxb5 {[%clk 0:07:21]} Rxa3 {[%clk 0:09:49]} 27. Rd1
{[%clk 0:07:15]} h5 {[%clk 0:08:18]} 28. Rxb7 {[%clk 0:07:15]} Kg7
{[%clk 0:08:11]} 29. Rd7 {[%clk 0:07:05]} Bc5 {[%clk 0:07:51]} 30. Kg2
{[%clk 0:06:59]} Kf6 {[%clk 0:07:30]} 31. Kf3 {[%clk 0:07:02]} Ke6
{[%clk 0:07:33]} 32. Rc7 {[%clk 0:07:06]} Bb4 {[%clk 0:07:20]} 33. Rc4
{[%clk 0:07:02]} Bc3 {[%clk 0:07:20]} 34. Rb1 {[%clk 0:07:04]} Ra7
{[%clk 0:07:02]} 35. Rc6+ {[%clk 0:06:43]} Ke7 {[%clk 0:06:59]} 36. Rcb6
{[%clk 0:06:47]} Kf8 {[%clk 0:06:56]} 37. Rb7 {[%clk 0:06:49]} Ra5
{[%clk 0:06:50]} 38. R1b5 {[%clk 0:06:02]} Ra6 {[%clk 0:06:54]} 39. R5b6
{[%clk 0:06:04]} Ra5 {[%clk 0:06:58]} 40. Rf6 {[%clk 0:06:06]} 1-0

[Event "15e festival de Meurthe et Moselle Rapide"]
[Site "?"]
[Date "2017.02.19"]
[Round "3.3"]
[White "Malglaive, Jean-Louis"]
[Black "Mullon, Jean-Baptiste"]
[Result "0-1"]
[LiveChessVersion "1.4.8"]
[BlackElo "2388"]
[WhiteElo "1880"]

1. e4 {[%clk 0:15:08]} c5 {[%clk 0:15:06]} 2. Nf3 {[%clk 0:15:11]} e6
{[%clk 0:15:09]} 3. d4 {[%clk 0:15:13]} cxd4 {[%clk 0:15:12]} 4. Nxd4
{[%clk 0:15:16]} a6 {[%clk 0:15:15]} 5. Nc3 {[%clk 0:15:19]} b5 {[%clk 0:15:18]}
6. Bd3 {[%clk 0:15:03]} Qb6 {[%clk 0:15:20]} 7. Be3 {[%clk 0:14:57]} Bc5
{[%clk 0:15:17]} 8. Be2 {[%clk 0:14:20]} Nc6 {[%clk 0:15:03]} 9. Nxc6
{[%clk 0:13:53]} dxc6 {[%clk 0:13:13]} 10. Bxc5 {[%clk 0:13:32]} Qxc5
{[%clk 0:13:15]} 11. O-O {[%clk 0:13:20]} Nf6 {[%clk 0:13:16]} 12. Bd3
{[%clk 0:13:05]} O-O {[%clk 0:13:08]} 13. Kh1 {[%clk 0:12:06]} e5
{[%clk 0:13:11]} 14. h3 {[%clk 0:11:45]} Be6 {[%clk 0:13:05]} 15. f4
{[%clk 0:11:32]} exf4 {[%clk 0:12:47]} 16. Rxf4 {[%clk 0:11:34]} Qg5
{[%clk 0:11:53]} 17. Rf3 {[%clk 0:09:33]} Nd7 {[%clk 0:11:48]} 18. Qe1
{[%clk 0:09:12]} Ne5 {[%clk 0:11:45]} 19. Rg3 {[%clk 0:09:10]} Qf6
{[%clk 0:11:20]} 20. Qe2 {[%clk 0:08:54]} Ng6 {[%clk 0:10:02]} 21. Rf1
{[%clk 0:08:50]} Qe5 {[%clk 0:10:05]} 22. Qe3 {[%clk 0:08:15]} f6
{[%clk 0:09:16]} 23. Ne2 {[%clk 0:06:21]} c5 {[%clk 0:09:13]} 24. c3
{[%clk 0:06:14]} Rad8 {[%clk 0:09:08]} 25. Nf4 {[%clk 0:05:57]} Nxf4
{[%clk 0:09:08]} 26. Qxf4 {[%clk 0:05:44]} Qxf4 {[%clk 0:09:07]} 27. Rxf4
{[%clk 0:05:47]} Bxa2 {[%clk 0:08:38]} 28. Rgf3 {[%clk 0:05:17]} Rfe8
{[%clk 0:08:23]} 29. h4 {[%clk 0:04:22]} Re5 {[%clk 0:08:17]} 30. g4
{[%clk 0:03:56]} h6 {[%clk 0:08:03]} 31. Bc2 {[%clk 0:02:45]} Bc4
{[%clk 0:08:00]} 32. Rf2 {[%clk 0:02:24]} b4 {[%clk 0:07:49]} 33. cxb4
{[%clk 0:02:01]} cxb4 {[%clk 0:07:52]} 34. R4f3 {[%clk 0:01:44]} Be6
{[%clk 0:07:42]} 35. Rg3 {[%clk 0:01:25]} a5 {[%clk 0:07:19]} 36. Kh2
{[%clk 0:00:44]} Rd4 {[%clk 0:07:18]} 0-1